| 000 | 00469cam a2200181ua 4500 | ||
|---|---|---|---|
| 020 | _c1800.00 | ||
| 041 |
_aeng _h |
||
| 082 |
_a631.586 _bMAY/ME |
||
| 100 | _aMayande , V M . | ||
| 245 |
_aMechanization of dryland agriculture / _cV M Mayande. _hTextual Documents |
||
| 260 |
_aUdaypur : _bAgro-tech publishing academy , _c2006. |
||
| 300 | _a608 ; . | ||
| 365 | _a1800.00 | ||
| 504 | _a | ||
| 942 | _cBK | ||
| 999 |
_c13307 _d13307 |
||